| 000 | 00349nam a2200133Ia 4500 | ||
|---|---|---|---|
| 008 | 240624s9999 xx 000 0 und d | ||
| 041 | _aeng | ||
| 082 | _a332.1 SUR | ||
| 100 | _aSURESH PADMALATHA | ||
| 245 | _aMANAGEMENT OF BANKING AND FINANCIAL SERV | ||
| 250 | _a(4th ed.) | ||
| 260 |
_c2018 _aNew Delhi _bPearson |
||
| 300 | _axiv, 737 p.; 23 cm. | ||
| 999 |
_c31790 _d31790 |
||